<The> concept of interregional co-operation in regional arrangement and development of the Danubian Space project design

Gespeichert in:
Bibliographische Detailangaben
1. Verfasser: Tvrdoň, Jozef
Körperschaft: Ministerstvo výstavby a regionálneho rozvoja SR
Format: Buch
Sprache:Englisch
Veröffentlicht: Bratislava 2004
Schlagworte:
Tags: Tag hinzufügen
Keine Tags, Fügen Sie das erste Tag hinzu!

MARC

LEADER 00000nam$a2200000$$$4500
001 0064539
005 20240502071745.6
041 0 |a eng 
044 |a SK 
245 1 0 |a <The> concept of interregional co-operation in regional arrangement and development of the Danubian Space  |b project design  |c Jozef Tvrdoň 
264 1 |a Bratislava  |c 2004 
300 |a 14 s. 
610 2 0 |a regióny 
610 2 0 |a regionalizácia 
100 1 |a Tvrdoň, Jozef 
710 2 |a Ministerstvo výstavby a regionálneho rozvoja SR